[Event "Airthings Masters - Torneo Preliminare"]
[Site "Internet"]
[Date "03.02.2023"]
[Round "8"]
[White "Kevlishvili, Robby"]
[Black "Timofeev, Artyom"]
[Result "1-0"]
[WhiteTitle ""]
[BlackTitle ""]
[WhiteElo "2537"]
[BlackElo "2567"]
[WhiteFideId "1040634"]
[BlackFideId "4140419"]
[EventDate "2023.02.03"]

1. e4 c5 2. Nf3 Nc6 3. d4 cxd4 4. Nxd4 e5 5. Nb5 a6 6. Nd6+ Bxd6 7. Qxd6 Qe7 8.
Qd1 Nf6 9. Nc3 d6 10. Be3 Be6 11. Nd5 Bxd5 12. exd5 Nb8 13. a4 Nbd7 14. a5 O-O
15. Be2 Rac8 16. O-O e4 17. c4 Ne5 18. Rc1 Nfd7 19. b4 f5 20. Qd2 h6 21. f4 exf3
22. gxf3 Rfe8 23. Bd4 Qh4 24. Kh1 Nf6 25. Rg1 Nh5 26. c5 Nf4 27. Rcd1 g5 28.
cxd6 Rcd8 29. Be3 Nxe2 30. Qxe2 Qh5 31. Rdf1 Rxd6 32. Bc5 Rxd5 33. Qa2 Qf7 34.
f4 Ng6 35. fxg5 h5 36. Re1 Rde5 37. Qxf7+ Kxf7 38. Rd1 f4 39. Rd7+ Kg8 40. Rxb7
f3 41. Bd4 R5e7 42. Rxe7 Rxe7 43. b5 axb5 44. a6 Nf4 45. a7 Re8 46. Rf1 Ne6 47.
Re1 Kf7 48. g6+ Kxg6 49. Rxe6+ Rxe6 50. a8=Q Re1+ 51. Bg1 f2 52. Qg2+ 1-0

[Event "Airthings Masters - Torneo Preliminare"]
[Site "Internet"]
[Date "03.02.2023"]
[Round "8"]
[White "Bluebaum, Matthias"]
[Black "Robson, Ray"]
[Result "1-0"]
[WhiteTitle ""]
[BlackTitle ""]
[WhiteElo "2663"]
[BlackElo "2702"]
[WhiteFideId "24651516"]
[BlackFideId "2023970"]
[EventDate "2023.02.03"]

1. d4 Nf6 2. c4 e6 3. Nc3 Bb4 4. e3 O-O 5. Bd2 c5 6. a3 Bxc3 7. Bxc3 Ne4 8. Ne2
d6 9. dxc5 Nxc3 10. Nxc3 dxc5 11. Qc2 Nc6 12. Bd3 h6 13. O-O-O Qe7 14. f4 b6 15.
g4 Bb7 16. Rhg1 Qh4 17. g5 Rad8 18. gxh6 Qxh6 19. Ne4 Ne7 20. Ng5 g6 21. h4 Nf5
22. Bxf5 exf5 23. Rxd8 Rxd8 24. Rd1 Rf8 25. Qa4 Qxh4 26. Qxa7 Be4 27. Qxb6 Qf2
28. Nxe4 fxe4 29. Qxc5 Rb8 30. Qd4 Rb3 31. Qd2 Qxe3 32. Qxe3 Rxe3 33. c5 Rb3 34.
Rd4 f5 35. c6 Rb6 36. Rc4 Rb8 37. c7 Rc8 38. b4 g5 39. b5 g4 40. b6 g3 41. b7 g2
42. bxc8=Q+ Kg7 43. Qd7+ 1-0

[Event "Airthings Masters - Torneo Preliminare"]
[Site "Internet"]
[Date "03.02.2023"]
[Round "8"]
[White "Sankalp, Gupta"]
[Black "Tristan, Leonardo"]
[Result "0-1"]
[WhiteTitle ""]
[BlackTitle ""]
[WhiteElo "2504"]
[BlackElo "2545"]
[WhiteFideId "5097010"]
[BlackFideId "113816"]
[EventDate "2023.02.03"]

1. e4 e5 2. Nf3 Nc6 3. d4 exd4 4. Nxd4 Bb4+ 5. c3 Bc5 6. Be3 Bb6 7. Nf5 g6 8.
Bxb6 axb6 9. Ne3 Nf6 10. f3 Qe7 11. c4 Qb4+ 12. Qd2 Qxd2+ 13. Kxd2 Kd8 14. Nc3
d6 15. Be2 Be6 16. g4 Nd7 17. h4 h5 18. gxh5 gxh5 19. f4 Nf6 20. Rhg1 Nd4 21.
Rg7 Nb3+ 22. axb3 Rxa1 23. f5 Ne8 24. Rg5 f6 25. Rxh5 Rxh5 26. Bxh5 Bg8 27. Ncd1
d5 28. exd5 Nd6 29. Bg6 Ke7 30. h5 Ne4+ 31. Kc2 Ng5 32. h6 Ra8 33. Nf2 Ra1 34.
Nfd1 Ra8 35. Ng2 Bf7 36. Nf2 Bg8 37. Nf4 Ra1 38. Nd1 Ra8 39. Kb1 Kd6 40. Nf2 Ke5
41. Nh5 Nf3 42. Ng4+ Kd4 43. Kc2 Ra1 44. Nhxf6 Rg1 45. Nxg8 Rxg4 46. h7 Rh4 47.
f6 Ne5 48. f7 Nxg6 49. Ne7 Rh2+ 50. Kb1 Nf8 51. Nf5+ Kd3 52. d6 cxd6 53. c5 dxc5
54. Nh6 Rxh6 0-1

[Event "Airthings Masters - Torneo Preliminare"]
[Site "Internet"]
[Date "03.02.2023"]
[Round "8"]
[White "Matlakov, Maxim"]
[Black "Tang, Andrew"]
[Result "1-0"]
[WhiteTitle ""]
[BlackTitle ""]
[WhiteElo "2662"]
[BlackElo "2522"]
[WhiteFideId "4168003"]
[BlackFideId "2059630"]
[EventDate "2023.02.03"]

1. d4 d5 2. c4 e6 3. Nf3 Nf6 4. g3 dxc4 5. Bg2 Nc6 6. Nc3 Bd6 7. Qa4 O-O 8. Qxc4
e5 9. O-O exd4 10. Nxd4 Ne5 11. Qb3 c6 12. Bg5 h6 13. Bxf6 Qxf6 14. Ne4 Qe7 15.
Nxd6 Qxd6 16. Rad1 Qe7 17. h3 Re8 18. f4 Nd7 19. e4 Nc5 20. Qc3 Bd7 21. e5 Rad8
22. Rfe1 Na4 23. Qb3 Nb6 24. Kh2 c5 25. Nb5 c4 26. Qa3 Qxa3 27. Nxa3 Ba4 28.
Rxd8 Rxd8 29. Re2 Bd1 30. Rf2 Rd7 31. Nb5 Nc8 32. Nc3 Ne7 33. f5 b6 34. g4 h5
35. Kg3 Rd3+ 36. Kf4 hxg4 37. hxg4 a6 38. Be4 Rd4 39. Rf1 Bc2 40. Ke3 Bd3 41.
Rd1 Rd8 42. Bxd3 cxd3 43. Rxd3 Re8 44. Kf4 Nc6 45. Rd5 b5 46. Rc5 Nb4 47. Ke4
Rd8 48. Nd5 Nxa2 49. e6 Re8 50. Ke5 a5 51. Rc7 fxe6 52. fxe6 Nb4 53. Nxb4 axb4
54. Kd6 Kf8 55. Rf7+ Kg8 56. Rf4 Rd8+ 57. Kc7 1-0

[Event "Airthings Masters - Torneo Preliminare"]
[Site "Internet"]
[Date "03.02.2023"]
[Round "8"]
[White "Kaufman, Lawrence"]
[Black "Haub, Thorsten Michael"]
[Result "1/2-1/2"]
[WhiteTitle ""]
[BlackTitle ""]
[WhiteElo "2188"]
[BlackElo "2414"]
[WhiteFideId "2000555"]
[BlackFideId "4610776"]
[EventDate "2023.02.03"]

1. e4 g6 2. d4 Bg7 3. Nc3 d6 4. Be3 a6 5. f4 b5 6. Bd3 Nf6 7. e5 Ng4 8. Qf3 c6
9. O-O-O Nxe3 10. Qxe3 O-O 11. Nf3 Bg4 12. Kb1 Nd7 13. h3 Bxf3 14. Qxf3 c5 15.
dxc5 Nxc5 16. Ne4 Qa5 17. Nxc5 dxc5 18. Be4 Rad8 19. h4 Rxd1+ 20. Rxd1 Rd8 21.
h5 e6 22. hxg6 hxg6 23. c3 b4 24. cxb4 cxb4 25. Rxd8+ Qxd8 26. Qd3 Qb6 27. g3
Bf8 28. Kc2 Bc5 29. g4 Be3 30. f5 gxf5 31. gxf5 Bf4 32. fxe6 Qxe6 33. Qd5 Qxd5
34. Bxd5 Bxe5 35. b3 Kg7 36. Kd3 f5 37. Bb7 a5 38. Ke2 Kf6 39. Kf3 Bc7 40. Bc8
Ke5 41. Bd7 f4 42. Bc6 Kd4 43. Ba4 Kc3 44. Ke4 Kd2 45. Kf3 Kc2 46. Ke4 Kb2 47.
Kf3 Kxa2 48. Ke2 Kb2 49. Kf3 Kc2 50. Ke2 Kc3 51. Kf3 Kd2 52. Bb5 Kc3 53. Ba4 Kd4
54. Bb5 Be5 55. Ba4 Kc5 56. Ke4 Bc7 57. Be8 Bb8 58. Ba4 Bc7 59. Be8 Bb8 60. Ba4
Bc7 1/2-1/2

[Event "Airthings Masters - Torneo Preliminare"]
[Site "Internet"]
[Date "03.02.2023"]
[Round "8"]
[White "Nepomniachtchi, Ian"]
[Black "Caruana, Fabiano"]
[Result "1/2-1/2"]
[WhiteTitle ""]
[BlackTitle ""]
[WhiteElo "2793"]
[BlackElo "2766"]
[WhiteFideId "4168119"]
[BlackFideId "2020009"]
[EventDate "2023.02.03"]

1. e4 e5 2. Nf3 Nc6 3. Nc3 Nf6 4. d4 exd4 5. Nxd4 Bb4 6. Nxc6 bxc6 7. Bd3 d5 8.
exd5 O-O 9. O-O cxd5 10. h3 c5 11. Bg5 Be6 12. Qf3 h6 13. Bh4 Bxc3 14. bxc3 c4
15. Bf5 Qd7 16. Bxf6 Bxf5 17. Qg3 Bg6 18. Bd4 Kh7 19. Rab1 f6 20. Rb2 Rf7 21.
Rfb1 Re8 22. Kh2 a5 23. Rb7 Qxb7 24. Rxb7 Rxb7 25. Qd6 Rb2 26. a4 Ra2 27. Qxd5
Rxa4 28. Bxf6 Ra2 29. Bd4 Rxc2 30. Qxc4 Re4 31. Qa6 a4 32. Qa7 Rxd4 33. cxd4
Rxf2 34. Qxa4 Be4 35. Kg3 Rxg2+ 36. Kf4 Bg6 37. d5 Rf2+ 38. Ke3 Rf6 39. Qd4 Bf5
40. h4 h5 41. Qe5 Bg4 42. Kd4 Kg8 43. Kc5 Kh7 44. Qe4+ Bf5 45. Qe3 Bg4 46. d6
Rf5+ 47. Kc6 Rf6 48. Qe8 Rf1 49. Qe4+ Kh8 50. Qe8+ Kh7 51. Qe3 Rf6 52. Qd3+ Kg8
53. Qd5+ Kh8 54. Kc7 Kh7 55. Kd8 Kh8 56. Ke7 Kh7 57. Qe5 Kg8 58. Qd5+ Kh7 59. d7
Bxd7 60. Kxd7 Kh8 61. Qxh5+ Kg8 62. Ke7 Rh6 63. Qg5 Rf6 64. Qh5 Rh6 65. Qf7+ Kh7
66. Qc4 Rf6 67. Qg4 Kg8 68. Qg5 Kh7 69. Qd5 Kh8 70. Ke8 Kh7 71. Qe4+ Kh8 72. Ke7
Kg8 73. Qe5 Kh7 74. Qd5 Kh8 75. Qc5 Kg8 76. Qh5 1/2-1/2

[Event "Airthings Masters - Torneo Preliminare"]
[Site "Internet"]
[Date "03.02.2023"]
[Round "8"]
[White "Martinez Alcantara, Jose Eduardo"]
[Black "Swiercz, Dariusz"]
[Result "1-0"]
[WhiteTitle ""]
[BlackTitle ""]
[WhiteElo "2607"]
[BlackElo "2646"]
[WhiteFideId "3805662"]
[BlackFideId "1126881"]
[EventDate "2023.02.03"]

1. e4 c5 2. Nf3 Nc6 3. Nc3 e5 4. Bc4 Be7 5. d3 d6 6. O-O Nf6 7. Nd5 O-O 8. Nxf6+
Bxf6 9. c3 Be6 10. Bxe6 fxe6 11. b4 b6 12. Be3 Qd7 13. Qb3 Rac8 14. Rac1 h6 15.
h3 b5 16. bxc5 dxc5 17. Qxb5 Rfd8 18. Rfd1 Nd4 19. Qxd7 Nxf3+ 20. gxf3 Rxd7 21.
Rb1 Rc6 22. Kf1 Be7 23. c4 Kf7 24. Ke2 g5 25. Rb5 Kg6 26. a4 Kh5 27. Rdb1 Kh4
28. a5 Rdc7 29. Rb8 Ra6 30. Rh8 Kh5 31. Bd2 Bf6 32. Rg8 Rd7 33. h4 gxh4 34. Rbg1
Rh7 35. R1g6 Be7 36. R8g7 Rxg7 37. Rxh6# 1-0

[Event "Airthings Masters - Torneo Preliminare"]
[Site "Internet"]
[Date "03.02.2023"]
[Round "8"]
[White "Sarana, Alexey"]
[Black "Grischuk, Alexander"]
[Result "1-0"]
[WhiteTitle ""]
[BlackTitle ""]
[WhiteElo "2668"]
[BlackElo "2745"]
[WhiteFideId "24133795"]
[BlackFideId "4126025"]
[EventDate "2023.02.03"]

1. d4 e6 2. c4 Bb4+ 3. Bd2 a5 4. g3 d6 5. Bg2 e5 6. a3 Bxd2+ 7. Qxd2 exd4 8.
Qxd4 Nf6 9. Qe3+ Qe7 10. Qxe7+ Kxe7 11. Nc3 a4 12. Nf3 Nbd7 13. Nd4 Nc5 14. Nd5+
Nxd5 15. cxd5 Bd7 16. Kd2 f5 17. h4 Kf6 18. Rac1 g6 19. Rc4 h6 20. e3 g5 21. Rb4
b6 22. Ne2 Na6 23. Rd4 Nc5 24. Rb4 Na6 25. Rd4 Nc5 26. Kc2 Kg7 27. Nc3 Rhf8 28.
Bf1 Rf7 29. Be2 Raf8 30. Rg1 Ne4 31. Rg2 Nc5 32. Bd1 Kf6 33. Kd2 Ke7 34. hxg5
hxg5 35. Nxa4 Bxa4 36. Bxa4 Rh7 37. Bc2 Rh1 38. Rc4 Kd8 39. g4 fxg4 40. Rcxg4
Rf1 41. Ke2 Rc1 42. Bh7 Ra1 43. Rg1 Rxg1 44. Rxg1 Rh8 45. Bf5 Na4 46. Rxg5 Nxb2
47. Rg7 Nc4 48. Rd7+ Ke8 49. Rxc7 Rh4 50. Rh7 Rxh7 51. Bxh7 Nxa3 52. Bd3 b5 53.
Kd2 b4 54. Kc1 1-0

[Event "Airthings Masters - Torneo Preliminare"]
[Site "Internet"]
[Date "03.02.2023"]
[Round "8"]
[White "Mamedov, Rauf"]
[Black "Ponkratov, Pavel"]
[Result "1/2-1/2"]
[WhiteTitle ""]
[BlackTitle ""]
[WhiteElo "2646"]
[BlackElo "2577"]
[WhiteFideId "13401653"]
[BlackFideId "4157800"]
[EventDate "2023.02.03"]

1. e4 e5 2. Nf3 Nc6 3. Bb5 a6 4. Ba4 Nge7 5. Nc3 Ng6 6. a3 Bc5 7. d3 d6 8. Nd5
O-O 9. c3 Nce7 10. Nxe7+ Qxe7 11. O-O Bb6 12. Bb3 Be6 13. a4 h6 14. a5 Ba7 15.
Be3 f5 16. exf5 Rxf5 17. Bxa7 Rxa7 18. Re1 Bxb3 19. Qxb3+ Kh7 20. Re3 c6 21.
Rae1 Qf7 22. Qc2 c5 23. d4 exd4 24. cxd4 Ra8 25. dxc5 Rxc5 26. Qb1 Qf5 27. b4
Qxb1 28. Rxb1 Rd5 29. Rc1 Rf8 30. g3 Rb5 31. Rb3 Re8 32. Rc4 Re7 33. Kg2 Rf7 34.
Rd4 Ne7 35. Rxd6 Nc6 36. Nd4 Rxb4 37. Rxb4 Nxb4 38. f4 Rc7 39. f5 Nc2 40. g4
Nxd4 41. Rxd4 Rc5 42. Rd7 Kg8 43. Rxb7 Rxa5 44. Ra7 Ra3 45. h4 Kf8 46. Rb7 Rc3
47. Rb6 Ra3 48. Rb7 Rc3 49. Rd7 Rb3 50. Ra7 Ra3 51. Kf2 Kg8 52. Rb7 Kf8 53. Kg2 1/2-1/2

[Event "Airthings Masters - Torneo Preliminare"]
[Site "Internet"]
[Date "03.02.2023"]
[Round "8"]
[White "Svidler, Peter"]
[Black "Pichot, Alan"]
[Result "0-1"]
[WhiteTitle ""]
[BlackTitle ""]
[WhiteElo "2683"]
[BlackElo "2638"]
[WhiteFideId "4102142"]
[BlackFideId "110973"]
[EventDate "2023.02.03"]

1. e4 e5 2. Nf3 Nc6 3. Bb5 a6 4. Ba4 Nf6 5. O-O b5 6. Bb3 Bc5 7. a4 Rb8 8. Nxe5
Nxe5 9. d4 Bxd4 10. Qxd4 d6 11. f3 c5 12. Qf2 O-O 13. Rd1 c4 14. Ba2 Be6 15. Nc3
h6 16. axb5 axb5 17. Bb1 b4 18. Ne2 Ra8 19. Rxa8 Qxa8 20. Qb6 d5 21. Nd4 Re8 22.
f4 Ned7 23. Qxb4 dxe4 24. c3 e3 25. Re1 Bd5 26. Bxe3 Bxg2 27. Qxc4 Bh3 28. Qc6
Qb8 29. Qf3 Bg4 30. Qg2 Kh8 31. Ba2 Bh5 32. b4 Bg6 33. f5 Bh5 34. Bf2 Rc8 35.
Nc6 Qa8 36. Ne7 Qxg2+ 37. Kxg2 Rxc3 38. Kg1 Rc2 39. Ra1 Ne5 40. Bb3 Nf3+ 41. Kg2
Rb2 42. Bd1 Ne4 43. Ra8+ Kh7 44. f6 Rxf2+ 45. Kh3 Ng1+ 0-1

[Event "Airthings Masters - Torneo Preliminare"]
[Site "Internet"]
[Date "03.02.2023"]
[Round "8"]
[White "Yu, Yangyi"]
[Black "Grandelius, Nils"]
[Result "1-0"]
[WhiteTitle ""]
[BlackTitle ""]
[WhiteElo "2729"]
[BlackElo "2660"]
[WhiteFideId "8603820"]
[BlackFideId "1710400"]
[EventDate "2023.02.03"]

1. Nf3 d5 2. g3 g6 3. Bg2 Bg7 4. d4 Nf6 5. c4 c6 6. Qa4 O-O 7. O-O Nfd7 8. cxd5
Nb6 9. Qd1 cxd5 10. Nc3 Nc6 11. e3 Bg4 12. h3 Bxf3 13. Qxf3 e6 14. b3 Qd7 15.
Bb2 Rfc8 16. Rac1 a6 17. h4 h5 18. Qd1 Rc7 19. Ne2 Rac8 20. Nf4 Na7 21. Qd2 Rxc1
22. Rxc1 Rxc1+ 23. Qxc1 Qc6 24. Nd3 Nd7 25. Qxc6 Nxc6 26. Kf1 Kf8 27. Ke2 Ke8
28. Bc3 Bf8 29. b4 Kd8 30. Nc5 Nxc5 31. bxc5 Kc7 32. e4 dxe4 33. Bxe4 Ne7 34.
Ba5+ Kc8 35. Kd3 Bg7 36. Kc4 Bf6 37. Bd2 Nc6 38. Bc3 Kd7 39. d5 exd5+ 40. Bxd5
Bxc3 41. Kxc3 Nd8 42. a4 Ke7 43. Kb4 Kd7 44. Kc4 Ke7 45. f3 Kd7 46. g4 Nc6 47.
gxh5 gxh5 48. f4 Ke7 49. Bxc6 bxc6 50. Kb4 Kd7 51. Ka5 1-0

[Event "Airthings Masters - Torneo Preliminare"]
[Site "Internet"]
[Date "03.02.2023"]
[Round "8"]
[White "Nguyen, Ngoc Truong Son"]
[Black "Gledura, Benjamin"]
[Result "0-1"]
[WhiteTitle ""]
[BlackTitle ""]
[WhiteElo "2645"]
[BlackElo "2633"]
[WhiteFideId "12401110"]
[BlackFideId "712779"]
[EventDate "2023.02.03"]

1. d4 d5 2. c4 c6 3. Nc3 dxc4 4. a4 e5 5. Nf3 exd4 6. Qxd4 Qxd4 7. Nxd4 Nd7 8.
e4 Ne5 9. Bf4 Bd6 10. Bg3 h5 11. h4 Ne7 12. Rd1 Rh6 13. Bxe5 Bxe5 14. Bxc4 Bg4
15. f3 Rd8 16. Nde2 Rxd1+ 17. Nxd1 Bd7 18. f4 Bc7 19. Ne3 Ba5+ 20. Kf2 Bb6 21.
Rd1 Bg4 22. b4 Rg6 23. a5 Bxe3+ 24. Kxe3 Bxe2 25. Bxe2 Rxg2 26. b5 Rg3+ 27. Kf2
Rb3 28. bxc6 Nxc6 29. Rd5 g6 30. f5 Ke7 31. fxg6 fxg6 32. a6 bxa6 33. Bxa6 Nb4
34. Ra5 Rh3 35. Bb7 Nd3+ 36. Kg2 Nf4+ 37. Kf2 Rxh4 38. Rxa7 Kd6 39. Ra5 Rh3 40.
e5+ Ke7 41. Be4 g5 42. Bf5 g4 43. Ra7+ Kd8 44. e6 Rf3+ 45. Kg1 Nh3+ 46. Kh2 Rxf5 0-1

[Event "Airthings Masters - Torneo Preliminare"]
[Site "Internet"]
[Date "03.02.2023"]
[Round "8"]
[White "Dominguez Perez, Leinier"]
[Black "Praggnanandhaa, R"]
[Result "1/2-1/2"]
[WhiteTitle ""]
[BlackTitle ""]
[WhiteElo "2743"]
[BlackElo "2690"]
[WhiteFideId "3503240"]
[BlackFideId "25059530"]
[EventDate "2023.02.03"]

1. e4 e5 2. Nf3 Nc6 3. Bb5 a6 4. Ba4 Nf6 5. O-O b5 6. Bb3 Bc5 7. a4 Rb8 8. axb5
axb5 9. Nxe5 Nxe5 10. d4 Bxd4 11. Qxd4 d6 12. Bf4 c5 13. Qd2 O-O 14. f3 c4 15.
Ba2 Ra8 16. Na3 Qb6+ 17. Be3 Qc6 18. Bd4 Re8 19. Rae1 Bb7 20. Bb1 d5 21. c3 dxe4
22. Bxe4 Nxe4 23. Rxe4 Nxf3+ 24. gxf3 Rxe4 25. fxe4 Qxe4 26. Nc2 Ra6 27. Ne3 f5
28. Ng2 Rg6 29. Rf2 f4 30. Kf1 f3 31. Ne3 h6 32. Qc2 Qe6 33. Qf5 Qa6 34. Ke1
Qa1+ 35. Kd2 Rg1 36. Qe6+ Kh7 37. Qf5+ Kg8 38. Qe6+ Kh7 39. Qf5+ Kg8 1/2-1/2

[Event "Airthings Masters - Torneo Preliminare"]
[Site "Internet"]
[Date "03.02.2023"]
[Round "8"]
[White "Daggupati, Balaji"]
[Black "Suleymanli, Aydin"]
[Result "0-1"]
[WhiteTitle ""]
[BlackTitle ""]
[WhiteElo "2507"]
[BlackElo "2552"]
[WhiteFideId "2090759"]
[BlackFideId "13413937"]
[EventDate "2023.02.03"]

1. e4 e5 2. Nf3 Nc6 3. Bb5 a6 4. Ba4 Nf6 5. d4 exd4 6. O-O Be7 7. e5 Ne4 8. Nxd4
Nc5 9. Nf5 g6 10. Nxe7 Qxe7 11. Bxc6 dxc6 12. Bh6 Rg8 13. Nc3 Bf5 14. Qc1 g5 15.
f4 Ne6 16. fxg5 Qc5+ 17. Kh1 Bg6 18. Qd2 Qd4 19. Qe2 O-O-O 20. Rae1 Qb4 21. Ne4
Qxb2 22. Nf6 Rh8 23. h4 Rd4 24. h5 Bxc2 25. Rf2 Qb4 26. Rc1 Bd3 27. Qe3 Rhd8 28.
Kh2 Bb5 29. Qg3 Rh4+ 30. Kg1 Nf4 31. g6 Nxh5 32. Nxh5 hxg6 33. Bg5 Rg4 34. Qe3
Rd3 35. Qe1 Qxe1+ 36. Rxe1 Rxg5 37. Ng7 Bc4 38. e6 fxe6 39. Rf8+ Rd8 40. Rf2 e5
41. Rc2 Bd5 0-1

[Event "Airthings Masters - Torneo Preliminare"]
[Site "Internet"]
[Date "03.02.2023"]
[Round "8"]
[White "Predke, Alexandr"]
[Black "Drygalov, Sergey"]
[Result "1-0"]
[WhiteTitle ""]
[BlackTitle ""]
[WhiteElo "2684"]
[BlackElo "2547"]
[WhiteFideId "24107581"]
[BlackFideId "24171743"]
[EventDate "2023.02.03"]

1. e4 c5 2. Nf3 d6 3. d4 cxd4 4. Nxd4 Nf6 5. Nc3 a6 6. f4 Qc7 7. a4 g6 8. Be2
Bg7 9. O-O O-O 10. Kh1 Nc6 11. Nxc6 bxc6 12. Qe1 Rb8 13. a5 c5 14. e5 Nd7 15.
Nd5 Qd8 16. Qh4 dxe5 17. Nxe7+ Kh8 18. fxe5 Nxe5 19. Bf4 Rb4 20. Rad1 Bd7 21. c4
Rxb2 22. Bxe5 Bxe5 23. Rxf7 Rxf7 24. Nxg6+ Kg7 25. Qxd8 Bf6 26. Qh8+ Kxg6 27.
Qg8+ Rg7 28. Qd5 Re7 29. Qh5+ Kg7 30. Bd3 Kh8 31. Qxc5 Rb3 32. Qd6 Kg7 33. Rf1
Rf7 34. h3 Bc8 35. c5 Rb4 36. Qg3+ Kh8 37. c6 Be6 38. Qe3 Bd5 39. c7 Rxc7 40.
Rxf6 Rb2 41. Qe8+ Kg7 42. Qf8# 1-0

[Event "Airthings Masters - Torneo Preliminare"]
[Site "Internet"]
[Date "03.02.2023"]
[Round "8"]
[White "Kobo, Ori"]
[Black "Jumabayev, Rinat"]
[Result "1/2-1/2"]
[WhiteTitle ""]
[BlackTitle ""]
[WhiteElo "2548"]
[BlackElo "2609"]
[WhiteFideId "2812320"]
[BlackFideId "13702661"]
[EventDate "2023.02.03"]

1. e4 e6 2. d4 d5 3. Nc3 Nf6 4. Bg5 dxe4 5. Nxe4 Be7 6. Bxf6 gxf6 7. Nf3 a6 8.
Qe2 f5 9. Nc3 b5 10. g3 Bb7 11. Bg2 Qd6 12. O-O b4 13. Na4 Nd7 14. c4 bxc3 15.
Nxc3 Nf6 16. Rfd1 O-O 17. Rac1 Rac8 18. Ne5 Bxg2 19. Kxg2 Rfd8 20. b3 Bf8 21.
Na4 Qd5+ 22. Kg1 Rd6 23. Nc4 Rc6 24. Ne3 Qd7 25. Rxc6 Qxc6 26. d5 Nxd5 27. Nxd5
exd5 28. Qf3 Rd8 29. Nc3 Rd6 30. Nxd5 Qc2 31. Rd3 c6 32. Nf4 Qxa2 33. Rxd6 Bxd6
34. Qxc6 Bxf4 35. Qc8+ Kg7 36. Qc3+ Kg6 37. gxf4 Qb1+ 38. Kg2 Qe4+ 39. Kg3 Qh1
40. f3 Qg1+ 41. Kh3 Qf2 42. Qc6+ Kh5 43. Qd5 Qf1+ 44. Kg3 Qg1+ 45. Kh3 Qg6 46.
Qd8 Qg1 47. Qf6 Qf1+ 48. Kg3 Qe1+ 49. Kh3 Qf1+ 50. Kg3 Qg1+ 51. Kh3 Qf1+ 1/2-1/2

[Event "Airthings Masters - Torneo Preliminare"]
[Site "Internet"]
[Date "03.02.2023"]
[Round "8"]
[White "Iskusnyh, Sergei"]
[Black "Pakleza, Zbigniew"]
[Result "0-1"]
[WhiteTitle ""]
[BlackTitle ""]
[WhiteElo "2443"]
[BlackElo "2496"]
[WhiteFideId "4120027"]
[BlackFideId "1119290"]
[EventDate "2023.02.03"]

1. d4 d5 2. c4 c6 3. Nf3 Nf6 4. e3 Bf5 5. Nc3 e6 6. Nh4 Be4 7. f3 Bg6 8. Bd2 Qb6
9. Nxg6 hxg6 10. Qc2 Nbd7 11. O-O-O Be7 12. Kb1 O-O-O 13. cxd5 exd5 14. e4 dxe4
15. fxe4 Qxd4 16. Bf4 Qc5 17. Qb3 Ne5 18. Rc1 g5 19. Nd5 gxf4 20. Rxc5 Bxc5 21.
Nxf6 gxf6 22. Be2 Rd2 23. Bd1 Rxg2 24. h4 Kc7 25. Qc3 Bb6 26. h5 f3 27. Bxf3 Rg3
28. Rf1 Rd8 29. h6 Rh3 30. Qb4 Nxf3 31. Rc1 Rxh6 32. a4 a5 33. Qc3 Nd2+ 34. Ka2
Nxe4 35. Qf3 Rh4 36. Re1 Rd4 37. b3 Bc5 38. Qf5 Rh2+ 39. Ka1 Nc3 0-1

[Event "Airthings Masters - Torneo Preliminare"]
[Site "Internet"]
[Date "03.02.2023"]
[Round "8"]
[White "Guliyev, Namig"]
[Black "Le, Tuan Minh"]
[Result "0-1"]
[WhiteTitle ""]
[BlackTitle ""]
[WhiteElo "2528"]
[BlackElo "2542"]
[WhiteFideId "13400363"]
[BlackFideId "12401153"]
[EventDate "2023.02.03"]

1. e4 c5 2. Nf3 Nf6 3. Nc3 d5 4. exd5 Nxd5 5. Bb5+ Bd7 6. Ne5 Nf6 7. Nxd7 Nbxd7
8. d4 cxd4 9. Qxd4 a6 10. Be2 e6 11. O-O Qc7 12. Qa4 Bd6 13. g3 O-O 14. Be3 Be5
15. Bf3 Rac8 16. Rab1 h5 17. Rfc1 Rfd8 18. Ne4 Nxe4 19. Qxe4 Nc5 20. Qh4 g6 21.
Rd1 b6 22. c3 a5 23. Bg5 Rd7 24. Rxd7 Qxd7 25. Rd1 Qb5 26. Bc1 Qe8 27. Kg2 Bg7
28. Qc4 Rd8 29. Rxd8 Qxd8 30. Be3 Nd3 31. Be2 Nxb2 32. Qa6 Bxc3 33. Bxb6 Qd2 34.
Be3 Qd8 35. Bf3 Kg7 36. Qc6 Qf6 37. Be2 Bd4 38. Qe4 Bxe3 39. Qxe3 Na4 40. Bc4
Nc3 41. Qd3 Qe5 42. f4 Qe4+ 43. Qxe4 Nxe4 44. Bd3 Nc5 45. Bc4 Ne4 46. Bd3 Nd6
47. Kf3 Kf6 48. Ke3 e5 49. a4 exf4+ 50. gxf4 Nf5+ 51. Ke4 h4 52. Kd5 Ne3+ 53.
Kd4 Ng4 54. h3 Nf2 55. Bf1 Kf5 56. Ke3 Nd1+ 57. Kd2 Nb2 58. Bb5 Kxf4 59. Kc2 Kg3
60. Kxb2 Kxh3 61. Be8 g5 62. Bxf7 g4 63. Be6 Kg3 64. Kc3 h3 65. Kd4 h2 66. Bd5
Kf2 0-1

[Event "Airthings Masters - Torneo Preliminare"]
[Site "Internet"]
[Date "03.02.2023"]
[Round "8"]
[White "Deac, Bogdan-Daniel"]
[Black "Oparin, Grigoriy"]
[Result "1/2-1/2"]
[WhiteTitle ""]
[BlackTitle ""]
[WhiteElo "2700"]
[BlackElo "2667"]
[WhiteFideId "1226380"]
[BlackFideId "24125890"]
[EventDate "2023.02.03"]

1. e4 e5 2. Nf3 Nc6 3. Bb5 Nf6 4. O-O Nxe4 5. Re1 Nd6 6. Nxe5 Be7 7. Bf1 Nxe5 8.
Rxe5 O-O 9. Nc3 Ne8 10. Nd5 Bd6 11. Re2 c6 12. Ne3 Be7 13. Qe1 Bf6 14. Nf5 d5
15. Ne7+ Kh8 16. Nxc8 Rxc8 17. g3 Nd6 18. Bh3 Ra8 19. d3 a5 20. a4 Kg8 21. Rb1
Re8 22. Bf4 Rxe2 23. Qxe2 g6 24. Qe3 g5 25. Be5 Qe7 26. Bd4 Qxe3 27. Bxe3 h5 28.
Bc5 Ne8 29. b4 g4 30. Bf1 axb4 31. Rxb4 Ng7 32. Rxb7 Rxa4 33. Rb6 Ra2 34. c4
dxc4 35. dxc4 Ne6 36. Rxc6 Bd4 37. Rxe6 Bxc5 38. Rf6 Kg7 39. Rf5 Bd4 40. Kg2 Rd2
41. c5 Kg6 42. Rf4 Bxc5 43. h3 gxh3+ 44. Kxh3 Rxf2 45. Rxf2 Bxf2 46. g4 hxg4+
47. Kxg4 f5+ 48. Kf3 Bd4 49. Bd3 Kg5 50. Bxf5 1/2-1/2

[Event "Airthings Masters - Torneo Preliminare"]
[Site "Internet"]
[Date "03.02.2023"]
[Round "8"]
[White "Blomqvist, Erik"]
[Black "Hakobyan, Aram"]
[Result "0-1"]
[WhiteTitle ""]
[BlackTitle ""]
[WhiteElo "2510"]
[BlackElo "2620"]
[WhiteFideId "1709437"]
[BlackFideId "13306677"]
[EventDate "2023.02.03"]

1. e4 e5 2. Nf3 Nc6 3. Bb5 Nf6 4. O-O Nxe4 5. Re1 Nd6 6. a4 Be7 7. Nc3 a6 8. Bf1
e4 9. Nxe4 Nxe4 10. Rxe4 d5 11. Re1 Bg4 12. h3 Bh5 13. Be2 O-O 14. d4 Re8 15. c3
Bd6 16. Bg5 Qd7 17. Qc2 h6 18. Be3 Bg6 19. Bd3 Be4 20. Nd2 Bxd3 21. Qxd3 Re6 22.
b4 Rae8 23. Nf3 Ne7 24. b5 axb5 25. axb5 Nc8 26. c4 dxc4 27. Qxc4 Nb6 28. Qb3
Nd5 29. Bd2 Rxe1+ 30. Rxe1 Rxe1+ 31. Bxe1 Qf5 32. Bd2 Qe4 33. Kf1 g5 34. Qc4 Kg7
35. Ne1 Bf4 36. Nf3 Bd6 37. Ne1 Ne7 38. Qd3 Qxd3+ 39. Nxd3 Kf6 40. Ke2 Ke6 41.
Nb2 Nf5 42. Kd3 Nxd4 43. b6 Nc6 44. bxc7 Ne5+ 45. Kc3 Bxc7 46. Kb4 Bb6 47. Be1
Bd4 48. Bc3 Nc6+ 49. Kc4 b5+ 50. Kb3 Bxf2 51. Nd3 Be3 52. g4 f5 53. Bg7 f4 54.
Bxh6 f3 55. h4 Ne5 56. Kc2 Nxg4 57. Bxg5 Bxg5 58. hxg5 f2 59. Nxf2 Nxf2 60. Kc3
Ne4+ 61. Kb4 Nd6 62. Kc5 Kf7 63. Kd5 Kg6 64. Kxd6 b4 0-1